Catalogue de livres relatifs a l'architecture, a la sculpture, a la peinture et a la gravure en vente aux prix marqués a la Librairie de Rapilly, 5 quai Malaquais, 5, mars 1875. (Record no. 170113)
[ view plain ]
| 000 -LEADER | |
|---|---|
| campo de control de longitud fija | 00621nam a22001695i 4500 |
| 001 - NÚMERO DE CONTROL | |
| campo de control | 170113 |
| 003 - IDENTIFICADOR DE NÚMERO DE CONTROL | |
| campo de control | ES-MaACL |
| 005 - FECHA Y HORA DE LA ÚLTIMA TRANSACCIÓN | |
| campo de control | 20250903083732.0 |
| 008 - DATOS DE LONGITUD FIJA--INFORMACIÓN GENERAL | |
| campo de control de longitud fija | 090202s1875 fr |||| | fre d |
| 245 00 - MENCIÓN DEL TÍTULO | |
| Título | Catalogue de livres relatifs a l'architecture, a la sculpture, a la peinture et a la gravure en vente aux prix marqués a la Librairie de Rapilly, 5 quai Malaquais, 5, mars 1875. |
| 260 ## - PUBLICACIÓN, DISTRIBUCIÓN, ETC. | |
| Lugar de publicación, distribución, etc. | Paris : |
| Nombre del editor, distribuidor, etc. | Rapilly, |
| Fecha de publicación, distribución, etc. | [1875?] |
| 300 ## - DESCRIPCIÓN FÍSICA | |
| Extensión | 104 p. ; |
| Dimensiones | 22 cm. |
| 650 #7 - PUNTO DE ACCESO ADICIONAL DE MATERIA--TÉRMINO DE MATERIA | |
| Término de materia o nombre geográfico como elemento de entrada | Catálogos de libreros |
| Fuente del encabezamiento o término | embne |
| 9 (RLIN) | 139327 |
| 710 2# - ENTRADA AGREGADA--NOMBRE DE ENTIDAD CORPORATIVA | |
| Nombre de entidad corporativa o nombre de jurisdicción como elemento de entrada | Librairie de Rapilly. |
| 9 (RLIN) | 139325 |
| 852 ## - LOCALIZACIÓN | |
| Ubicación | ES-MaACL |
| Número de control de estantería | T-171-F-2 |
| Estatus retirado | Estado de pérdida | Estado de daño | No para préstamo | Colección | Biblioteca de origen | Biblioteca actual | Ubicación en estantería | Fecha de adquisición | Fuente de adquisición | Total de préstamos | Signatura topográfica completa | Código de barras | Visto por última vez | Precio de reemplazo | Tipo de ítem Koha |
|---|---|---|---|---|---|---|---|---|---|---|---|---|---|---|---|
| Colección de folletos | Biblioteca del Ateneo de Madrid | Biblioteca del Ateneo de Madrid | Depósito folletos | 02/02/2009 | T-171-F-2 | 1178593 | 23/02/2023 | 23/02/2023 | Folleto |
